| 000 | 00718nam a2200217 4500 | ||
|---|---|---|---|
| 001 | 15892 | ||
| 010 | _a9789896731007 | ||
| 021 | _b314 944/10 | ||
| 090 | _a15892 | ||
| 100 | _a20110204d2010 ac y0pory5003 ba | ||
| 200 | 1 |
_aUma criança carinhosa _eum livro sobre ti, que sabes cuidar das pessoas _fMichaelene Mundy _gil. R.W. Alley _gtrad. Maria Isabel de Mendonça Soares |
|
| 210 |
_aLisboa _cPaulinas _dcop. 2010 |
||
| 215 |
_a[32] p. _cil. _d21 cm |
||
| 225 | 2 |
_aAuto ajuda para crianças; _v22) |
|
| 304 | _aTít. orig.: One caring kid | ||
| 675 |
_a087.5:1 _vmed _zfre |
||
| 700 | 1 |
_aMundy _bMichaelene |
|
| 702 | 1 |
_aAlley _bR.W. |
|
| 702 | 1 |
_aSoares _bMaria Isabel de Mendon—ca _f1922- |
|
| 801 | 0 |
_aPT _bESEL _gRPC |
|
| 990 | _cLIVROS | ||